000
003190000a22001450004500
005
20120302054459.0
942
_c
BOOK
245
_a
Kalyan Anka:Varsha 46-Anka-11
260
_a
Gorakhpur:Geeta,1972.
300
_a
1214-1268p.
040
_a
HIN
650
_a
Sankirna
650
_a
Maaasik-Kalyan
650
_a
Maasik
999
_c
345746
_d
345743